000 00637nam a22001817a 4500
999 _c189390
_d189390
005 20220629124310.0
010 _aENG-133399
020 _a9789393330154
_c950.00
035 _aEN-116931
037 _bDBAD/PUB
082 _a512.97
100 _aIosevich, Alex
245 _aA View from the Top:
_bAnalysis, Combinatorics and Number Theory/
_cAlex Iosevich
260 _aHyderabad
_bUniversities Press (India) Private Limited
_c2007
270 _a3-6-747/1/A & 3-6-754/1 Himayatnagar
_bTelangana
_e500029
_minfo@universitiespress.com
300 _axi, 136p.
_bBibliography
_c22cm(pbk)
942 _2ddc
_cEN
_h512.97
_mIOS